The Charter of Fundamental Rights of the European Union The travaux prp̌aratoires and selected documents /

Detalles Bibliográficos
Autor principal: Coghlan, Niall
Otros Autores: Steiert, Marc
Formato: eBook
Lenguaje:inglés
Publicado: Bruselas: European Union Publications Office, 2021
Materias:
Acceso en línea:Acceso restringido

MARC

LEADER 00000nam a22000007a 4500
005 20210818232557.0
007 cr|||| ||||
008 210818s2021 eu |||||s|||| 00||0 eng d
020 |a 978-92-9084-933-9 
035 |a 34118 
040 |a vLex 
090 |c 12052  |d 12052 
100 1 |a Coghlan, Niall 
245 1 3 |a The Charter of Fundamental Rights of the European Union  |h [Recurso electrn̤ico] :  |b The travaux prp̌aratoires and selected documents /  |c Niall Coghlan, Marc Steiert 
256 |a Servicio en ln̕ea 
260 |a Bruselas:  |b European Union Publications Office,  |c 2021 
300 |a 1 recurso electrn̤ico 
500 |a Twenty years after its proclamation and eleven years after it gained legal force, this collection brings together for the first time the complete travaux prp̌aratoires of the Charter of Fundamental Rights of the European Union. The core collection consists of the roughly 5,000 pages of travaux prp̌aratoires from the Convention that drafted the Charter between 1999 and 2000. In addition, it includes some of the key documents forming the roots of the Charter (such as the 1989 European Parliament Declaration) and those showing how its text and primary law framing evolved between 2003 and 2014 (notably in the 2002-3 Future of Europe Convention and 2004 and 2007 Inter- Governmental Conferences which amended the Charter and gave it legal effect). Further, it includes an analytical introduction and full Convention chronology to assist the reader in navigating the material. This compilation will prove a valuable source for scholars and practitioners alike, and ultimately aims to spark a fresh wave of interest in the drafting of the EU’s core rights text. 
506 1 |a Disponible solo en los productos indicados  |d vLex Global  |d vLex Global (Academic Edition, excluding Law Schools)  |d vLex Global (U.S. Academic Edition, Law Schools)  |d vLex Global (U.S. Academic Edition, excluding Law Schools)  |d vLex Global (Academic Edition, Law Schools) 
650 0 4 |a Derecho Constitucional  |z Unin̤ Europea 
700 1 |a Steiert, Marc 
740 0 |a vLex Libros (Servicio en ln̕ea) 
856 4 0 |u https://app.vlex.com/#/sources/34118  |z Acceso restringido 
942 |c BOOK 
999 0 |a Constitutional right